Archivo de documentación histórica 8 /

Guardado en:
Autor Principal: Alonso, María Ernestina
Otros Autores: Soletic, María Angeles, Vázquez, Enrique C.
Formato: Libro
Publicado: Buenos Aires : Aique, 2001
Materias:
Etiquetas: Agregar Etiqueta
Sin Etiquetas, Sea el primero en etiquetar este registro!
LEADER 00810nam a22002295a 4500
001 CEM.cems018003
005 20130423131209.0
008 130507s2001##################000#0#####d
003 CEMS
020 |a 9507016686 
082 0 4 |a 302 
100 1 |a Alonso, María Ernestina 
245 1 0 |a Archivo de documentación histórica 8 /  |c María Ernestina Alonso, María Angles Soletic y Enrique C. Vázquez 
260 |a Buenos Aires :  |b Aique,  |c 2001 
300 |a 32 p. 
500 |a Este Archivo de documentación histórica 8 acompaña el libro Ciencias Sociales 8 Egb 
653 |a Ciencias sociales 
653 |a Ciencias sociales-8 egb 
653 |a Historia-documentación 
700 1 |a Soletic, María Angeles 
700 1 |a Vázquez, Enrique C. 
859 |a CEMS  |b BIB. CEMS - Agricultura  |h 302  |i Al722-2  |p A1816.13  |t Ej.1  |v 8  |3 8